|
|
|
|
| LEADER |
01137nam a2200385 4500 |
| 001 |
DLU060056411 |
| 005 |
##20011025162537.0 |
| 008 |
##871204s1988 si a b 000 0 eng |
| 010 |
# |
# |
|a 87034586
|
| 020 |
# |
# |
|a 9971978326
|
| 020 |
# |
# |
|a 9971978334 (pbk.)
|
| 035 |
# |
# |
|9 (DLC) 87034586
|
| 040 |
# |
# |
|a DLC
|c DLC
|d DLC
|
| 082 |
# |
# |
|a 539.72
|b SH-E
|
| 100 |
# |
# |
|a Shuryak, E. V.
|
| 245 |
# |
# |
|a The QCD vacuum, hadrons and the superdense matter /
|c E.V. Shuryak.
|
| 260 |
# |
# |
|a Singapore ;
|a Teaneck, NJ, USA :
|b World Scientific,
|c c1988.
|
| 300 |
# |
# |
|a xiii, 401 p. :
|b ill. ;
|c 24 cm.
|
| 440 |
# |
# |
|a [World Scientific lecture notes in physics ;
|v v. 8]
|
| 500 |
# |
# |
|a Series appears only on jacket.
|
| 504 |
# |
# |
|a Bibliography: p. [359]-401.
|
| 650 |
# |
# |
|a Hadrons.
|
| 650 |
# |
# |
|a Nuclear matter.
|
| 650 |
# |
# |
|a Quantum chromodynamics.
|
| 740 |
# |
# |
|a Q.C.D. vacuum, hadrons and the superdense matter.
|
| 923 |
# |
# |
|a 26/2006
|
| 992 |
# |
# |
|a 12500
|
| 994 |
# |
# |
|a DLU
|
| 900 |
# |
# |
|a True
|
| 911 |
# |
# |
|a Thái Thị Thanh Thủy
|
| 925 |
# |
# |
|a G
|
| 926 |
# |
# |
|a A
|
| 927 |
# |
# |
|a SH
|
| 980 |
# |
# |
|a Thư viện Trường Đại học Đà Lạt
|